| 000 | 00467cam a2200193ua 4500 | ||
|---|---|---|---|
| 001 | 2631 | ||
| 005 | 20260515113534.0 | ||
| 008 | 110829n ii |||gr||||Z||||||asm | ||
| 040 | _cMAIN | ||
| 082 | _a491.4515 | ||
| 100 | 1 |
_aNeog, Dimbeswar, _eAuthor. |
|
| 245 | 1 | 1 |
_aNeog kabyamala _cby Dimbeswar Neog |
| 250 | _a1st. | ||
| 260 |
_aguahati: _bSubani prakash,964. |
||
| 300 |
_a328p: _c23cm. |
||
| 653 | _aAssamese grammar | ||
| 653 | _aNeog kabyamala | ||
| 942 | _cBK | ||
| 999 |
_c2480 _d2480 |
||